Management of electronic documents modle

Salvato in:
Dettagli Bibliografici
Ente Autore: FAO
Natura: Libro
Lingua:Undetermined
Pubblicazione: Rome FAO 2003
Soggetti:
Tags: Aggiungi Tag
Nessun Tag, puoi essere il primo ad aggiungerne! !
Thư viện lưu trữ: Trung tâm Học liệu Trường Đại học Cần Thơ
LEADER 00491nam a2200181Ia 4500
001 CTU_63788
008 210402s9999 xx 000 0 und d
082 |a 658.472 
082 |b F218 
110 |a FAO 
245 0 |a Management of electronic documents modle 
245 0 |c FAO 
260 |a Rome 
260 |b FAO 
260 |c 2003 
650 |a Information resources management,Security and security modelling 
910 |i Năm 
980 |a Trung tâm Học liệu Trường Đại học Cần Thơ